|
|
|
|
| LEADER |
00000nab a2200000 a 4500 |
| 001 |
vtls000787549 |
| 003 |
SK-MaSNL |
| 005 |
20260304183046.0 |
| 008 |
250429c2001 xo 0 slo |
| 015 |
|
|
|a SNBRB2002/03-09477
|
| 035 |
|
|
|a CLN000139204
|
| 035 |
|
|
|a urn:nbn:sk:snk-abf40k
|
| 035 |
|
|
|a (urnnbn)urn:nbn:sk:snk:ar-005acp
|
| 035 |
|
|
|a (uuid)c11d877c-4cdc-4911-a994-a5ac6c7cc1ff
|
| 040 |
|
|
|a SNKBUCL
|b slo
|c SNKBUCL
|e AACR2
|
| 041 |
0 |
|
|a slo
|
| 044 |
|
|
|a xo
|c SK
|
| 080 |
|
|
|a 378.4.096:674
|2 1997
|
| 080 |
|
|
|a 674
|2 1997
|
| 245 |
0 |
0 |
|a Noví absolventi Drevárskej fakulty Technickej univerzity vo Zvolene v roku 2001
|
| 610 |
2 |
7 |
|a Technická univerzita vo Zvolene.
|b Drevárska fakulta
|2 snkbucl
|9 32731
|
| 655 |
|
7 |
|a články z novín a časopisov
|2 snkbucl
|9 267496
|
| 773 |
0 |
|
|t Drevo
|g Roč. 56, č. 11 (2001), s. 229-231
|x 0012-6144
|
| 850 |
|
|
|a Slovenská národná knižnica
|
| 852 |
|
|
|a Slovenská národná knižnica
|
| 954 |
|
|
|a odborná, vedecká literatúra pôvodná (slovenská)
|2 lita
|
| 957 |
|
|
|a 611
|
| 958 |
|
|
|a article27
|
| 958 |
|
|
|a SK
|
| 958 |
|
|
|a OND
|
| 958 |
|
|
|a EUIPO
|
| 992 |
|
|
|a RBX
|
| 999 |
|
|
|c 3032921
|d 3034851
|